[Event "Reykjavik Open 2013"]
[Site "Reykjavik ISL"]
[Date "2013.02.20"]
[Round "2.76"]
[White "Sverrisson, Nokkvi"]
[Black "Heimisson, Hilmir Freyr"]
[Result "1/2-1/2"]
[WhiteElo "1990"]
[BlackElo "1693"]
[WhiteFideId "2304376"]
[BlackFideId "2309998"]
[EventDate "2013.02.19"]

1. e4 c5 2. Nf3 d6 3. d4 cxd4 4. Nxd4 Nf6 5. Nc3 a6 6. Be3 e6 7. g4 Be7 8. g5
Nfd7 9. Qh5 g6 10. Qg4 Ne5 11. Qg2 Qc7 12. f4 Nc4 13. Bxc4 Qxc4 14. Rf1 Nc6 15.
O-O-O Bd7 16. f5 e5 17. Nb3 Nb4 18. a3 a5 19. axb4 axb4 20. Nd5 Bd8 21. fxg6
hxg6 22. Bb6 Bh3 23. Qf2 Bxg5+ 24. Be3 Bxe3+ 25. Nxe3 Qe6 26. Nd5 Rc8 27. Rg1
O-O 28. Qh4 Kg7 29. Rd3 Rh8 30. Qg5 Rh7 31. Rd2 Rch8 32. Rf2 Rh5 33. Qd2 f5 34.
Qxb4 Rf8 35. Qxb7+ Rf7 36. Qb4 fxe4 37. Rxf7+ Qxf7 38. Qxd6 Be6 39. Nc3 Rxh2 40.
Qxe5+ Kh7 41. Qxe4 Bxb3 1/2-1/2

[Event "Reykjavik Open 2013"]
[Site "Reykjavik ISL"]
[Date "2013.02.20"]
[Round "2.78"]
[White "Ofstad, Sigurd"]
[Black "Hauksdottir, Hrund"]
[Result "1/2-1/2"]
[WhiteElo "1985"]
[BlackElo "1671"]
[WhiteFideId "1507729"]
[BlackFideId "2302608"]
[EventDate "2013.02.19"]

1. f4 d5 2. Nf3 Nf6 3. g3 c6 4. Bg2 g6 5. c3 Bg7 6. d3 O-O 7. O-O Nbd7 8. Qc2
Re8 9. e4 dxe4 10. dxe4 e5 11. Nxe5 Nxe5 12. fxe5 Rxe5 13. Bf4 Re8 14. Nd2 Qb6+
15. Kh1 Be6 16. Nb3 Ng4 17. Qe2 Ne5 18. Be3 Qc7 19. Qc2 Ng4 20. Bf4 Qb6 21. Qe2
Ne5 22. Be3 Qc7 23. Qc2 Bc4 24. Rfd1 Rad8 25. Rxd8 Rxd8 26. Rd1 Bd3 27. Qd2 Nc4
28. Bf4 Qe7 29. Qf2 f5 30. exf5 Bxf5 31. Re1 Qf7 32. Nd4 Rf8 33. Qe2 Nb6 34.
Nxf5 Qxf5 35. Bd6 Rd8 36. Bf4 Nd5 37. Bc1 Nf6 38. Qc4+ Nd5 39. Rf1 Qe5 40. Bf4
Qe6 41. Bg5 Re8 42. Qc5 Qe5 43. Bc1 Ne3 44. Bxe3 Qxe3 45. Qc4+ Kh8 46. a4 Qe5
47. Qb4 Qe7 48. Qc4 Qe2 49. Qb4 Qe7 50. Qc4 Qe2 51. Qb4 Qe7 1/2-1/2

[Event "Reykjavik Open 2013"]
[Site "Reykjavik ISL"]
[Date "2013.02.20"]
[Round "2.79"]
[White "Bue, Gunnar"]
[Black "Vigfusson, Vigfus"]
[Result "0-1"]
[WhiteElo "1695"]
[BlackElo "1985"]
[WhiteFideId "1503391"]
[BlackFideId "2303914"]
[EventDate "2013.02.19"]

1. d4 Nf6 2. c4 e6 3. Nf3 b6 4. e3 Bb7 5. Bd3 d5 6. O-O dxc4 7. Bxc4 Be7 8. Nc3
Nbd7 9. a3 O-O 10. b4 c5 11. bxc5 bxc5 12. Bb2 Rc8 13. d5 Nb6 14. Ba2 Nbxd5 15.
Rc1 Nxc3 16. Rxc3 Qc7 17. Qe2 Rfd8 18. Ng5 Qc6 19. Nf3 Ne4 20. Rc2 Ng5 0-1

[Event "Reykjavik Open 2013"]
[Site "Reykjavik ISL"]
[Date "2013.02.20"]
[Round "2.80"]
[White "Karlsson, Robin"]
[Black "Stefansson, Vignir Vatnar"]
[Result "1-0"]
[WhiteElo "1980"]
[BlackElo "1652"]
[WhiteFideId "1719637"]
[BlackFideId "2308649"]
[EventDate "2013.02.19"]

1. d4 Nf6 2. c4 e6 3. g3 d5 4. Nf3 Bd6 5. Bg2 c6 6. O-O Nbd7 7. Qc2 O-O 8. Nbd2
b6 9. e4 dxe4 10. Nxe4 Nxe4 11. Qxe4 Bb7 12. Bg5 Qc7 13. Rfe1 h6 14. Bd2 c5 15.
Qg4 Nf6 16. Qh4 Be7 17. Bf4 Qd8 18. Be5 Nd7 19. Qg4 Nxe5 20. dxe5 Qc7 21. Rad1
Rad8 22. Qf4 Rd7 23. Qe3 Rfd8 24. Qe2 Rxd1 25. Rxd1 Rxd1+ 26. Qxd1 Bxf3 27. Qxf3
Qxe5 28. Qa8+ Bf8 29. Qxa7 Qxb2 30. h4 g6 31. Qa6 Bg7 32. Qc8+ Kh7 33. Qe8 Qxa2
34. Qxf7 Qxc4 35. Bh3 Qc2 36. Kg2 e5 37. h5 1-0

[Event "Reykjavik Open 2013"]
[Site "Reykjavik ISL"]
[Date "2013.02.20"]
[Round "2.81"]
[White "Ramtin, Raman"]
[Black "Orlova, Yelizaveta"]
[Result "0-1"]
[BlackTitle "WC"]
[WhiteElo "1661"]
[BlackElo "1978"]
[WhiteFideId "12532460"]
[BlackFideId "2601826"]
[EventDate "2013.02.19"]

1. c4 c5 2. Nf3 g6 3. Nc3 Bg7 4. d4 cxd4 5. Nxd4 Nc6 6. e3 Nf6 7. Be2 O-O 8. O-O
d6 9. b3 Bd7 10. f4 Rc8 11. Bb2 a6 12. Bf3 Re8 13. Qc2 Ng4 14. Bxg4 Nxd4 15. Qd2
Nxb3 16. axb3 Bxg4 17. e4 Qb6+ 0-1

[Event "Reykjavik Open 2013"]
[Site "Reykjavik ISL"]
[Date "2013.02.20"]
[Round "2.83"]
[White "Thorsteinsdottir, Hallgerdur"]
[Black "Einarsson, Oskar Long"]
[Result "1-0"]
[WhiteElo "1960"]
[BlackElo "1613"]
[WhiteFideId "2302454"]
[BlackFideId "2309220"]
[EventDate "2013.02.19"]

1. e4 c5 2. Nf3 a6 3. c3 Nf6 4. e5 Nd5 5. d4 cxd4 6. cxd4 d6 7. Bc4 Nb6 8. Bb3
e6 9. O-O Be7 10. Nc3 Nc6 11. Qe2 Bd7 12. exd6 Bxd6 13. d5 Na5 14. dxe6 fxe6 15.
Bxe6 Bxe6 16. Qxe6+ Qe7 17. Qf5 1-0

[Event "Reykjavik Open 2013"]
[Site "Reykjavik ISL"]
[Date "2013.02.20"]
[Round "2.85"]
[White "Birgisson, Ingvar Orn"]
[Black "Petersson, Baldur Teodor"]
[Result "1-0"]
[WhiteElo "1953"]
[BlackElo "1575"]
[WhiteFideId "2301407"]
[BlackFideId "2309157"]
[EventDate "2013.02.19"]

1. e4 c5 2. Nc3 e6 3. g3 a6 4. a4 Nc6 5. Bg2 Qc7 6. d3 Nf6 7. f4 d6 8. Nf3 g6 9.
O-O Bg7 10. Ne2 Bd7 11. c3 h5 12. h3 e5 13. Ng5 Nh7 14. fxe5 Nxe5 15. d4 Nxg5
16. dxe5 Ne6 17. exd6 Qc6 18. Nf4 Be5 19. Nxe6 Bxe6 20. Bf4 Bxf4 21. gxf4 c4 22.
Qd4 Rg8 23. e5 Qd7 24. Rfd1 Rd8 25. h4 Bh3 26. Bf3 Bg4 27. Qe4 Rh8 28. Kf2 Bxf3
29. Qxf3 Qf5 30. Rd4 Qc2+ 31. Qe2 Qxe2+ 32. Kxe2 b5 33. axb5 axb5 34. Ra7 Rd7
35. Ra8+ Rd8 36. Rxd8+ Kxd8 37. Rd5 Kd7 38. Rxb5 Ke6 39. Rb7 Re8 40. Ke3 f6 41.
Ke4 g5 42. f5# 1-0

[Event "Reykjavik Open 2013"]
[Site "Reykjavik ISL"]
[Date "2013.02.20"]
[Round "2.86"]
[White "Kjartansson, Dagur"]
[Black "Johannsson, Orn Leo"]
[Result "0-1"]
[WhiteElo "1623"]
[BlackElo "1953"]
[WhiteFideId "2303299"]
[BlackFideId "2303051"]
[EventDate "2013.02.19"]

1. c4 e6 2. Nc3 d5 3. cxd5 exd5 4. d4 c6 5. g3 Bd6 6. Bg2 Bf5 7. Nf3 Nf6 8. O-O
h6 9. a3 a5 10. Re1 O-O 11. Nh4 Bh7 12. e4 dxe4 13. Nxe4 Nxe4 14. Bxe4 Bxe4 15.
Rxe4 Re8 16. Rxe8+ Qxe8 17. Nf5 Bf8 18. Bf4 Nd7 19. Qd2 Qe6 20. g4 Nf6 21. Re1
Qd5 22. h3 h5 23. Re5 Qf3 24. g5 Nd7 25. Ne7+ Bxe7 26. Rxe7 Qxh3 27. d5 Qg4+ 28.
Bg3 Nf8 29. dxc6 bxc6 30. Qf4 Qxf4 31. Bxf4 Ne6 32. Bd2 g6 33. Rb7 a4 34. Rb6 c5
35. Rb5 Nd4 36. Ra5 Rxa5 37. Bxa5 Nf3+ 38. Kg2 Nxg5 39. f4 Ne6 40. Kf3 f5 41.
Bc3 Kf7 42. Be5 Ke7 43. Ke3 Kd7 44. Bf6 Kd6 45. Be5+ Kd5 46. Bf6 Kd6 47. Be5+
Kd5 48. Bf6 Kc4 49. Kf3 Kd3 50. Be7 Kc2 0-1

[Event "Reykjavik Open 2013"]
[Site "Reykjavik ISL"]
[Date "2013.02.20"]
[Round "2.87"]
[White "Meier, Gerd"]
[Black "Magnusdottir, Veronika Steinunn"]
[Result "1/2-1/2"]
[WhiteElo "1949"]
[BlackElo "1557"]
[WhiteFideId "4682971"]
[BlackFideId "2309114"]
[EventDate "2013.02.19"]

1. e4 c5 2. Nf3 d6 3. d4 cxd4 4. Qxd4 Nc6 5. Bb5 Bd7 6. Bxc6 Bxc6 7. Nc3 Nf6 8.
Bg5 e6 9. O-O-O e5 10. Qd2 Be7 11. Rhe1 Qc7 12. h3 Rd8 13. Kb1 O-O 14. g4 d5 15.
exd5 Nxd5 16. Bxe7 Nxe7 17. Qe3 Rxd1+ 18. Rxd1 Ng6 19. Ng5 a6 20. Nge4 Rd8 21.
Re1 1/2-1/2

[Event "Reykjavik Open 2013"]
[Site "Reykjavik ISL"]
[Date "2013.02.20"]
[Round "2.89"]
[White "Saemundsson, Bjarni"]
[Black "Jonsson, Gauti Pall"]
[Result "0-1"]
[WhiteElo "1935"]
[BlackElo "1519"]
[WhiteFideId "2302900"]
[BlackFideId "2309092"]
[EventDate "2013.02.19"]

1. f4 d5 2. Nf3 c5 3. e3 Nf6 4. c3 e6 5. d4 c4 6. b3 cxb3 7. axb3 Ne4 8. Bd3 f5
9. O-O Bd6 10. c4 b6 11. Nbd2 Bb7 12. Ne5 O-O 13. Ndf3 Nd7 14. Nxd7 Qxd7 15. Ne5
Bxe5 16. fxe5 dxc4 17. bxc4 Qc6 18. Qc2 g5 19. Bxe4 Qxe4 20. Qxe4 Bxe4 21. Ba3
Rfc8 22. Rfc1 Kf7 23. Bd6 Rc6 24. Ra3 a6 25. c5 b5 26. Rca1 Bd5 27. Kf2 b4 28.
Ra5 b3 29. Rb1 Ra7 30. Rb2 Rb7 31. Ra4 Rb5 32. g3 Ke8 33. Ke2 Kd7 34. Kd2 a5 35.
Kc3 Ra6 36. Rf2 Rb4 37. c6+ Rxc6+ 0-1

[Event "Reykjavik Open 2013"]
[Site "Reykjavik ISL"]
[Date "2013.02.20"]
[Round "2.93"]
[White "Davidsdottir, Nansy"]
[Black "Mehringer, Joerg"]
[Result "1-0"]
[WhiteElo "1479"]
[BlackElo "1908"]
[WhiteFideId "2309491"]
[BlackFideId "12915351"]
[EventDate "2013.02.19"]

1. e4 e5 2. Nf3 Nc6 3. d4 exd4 4. Nxd4 Bc5 5. Be3 Qf6 6. c3 Qg6 7. Qc2 Nf6 8. f3
O-O 9. Nxc6 dxc6 10. Bxc5 Re8 11. Nd2 b5 12. O-O-O Be6 13. Kb1 a5 14. g4 Nd7 15.
Be3 Qf6 16. Be2 Qe7 17. f4 f6 18. f5 Bf7 19. h4 Kh8 20. g5 Bg8 21. h5 a4 22. h6
fxg5 23. hxg7+ Kxg7 24. Bd4+ Kf8 25. Bh5 Reb8 26. f6 Qe6 27. f7 Bxf7 28. Bxf7
Kxf7 29. Rxh7+ Ke8 30. Rdh1 Nf8 31. Rh8 Ke7 32. Nf3 Re8 33. Nxg5 Qg4 34. Rg8 Ne6
35. Rh7+ 1-0

[Event "Reykjavik Open 2013"]
[Site "Reykjavik ISL"]
[Date "2013.02.20"]
[Round "2.94"]
[White "Roberts, Lynda"]
[Black "Steinthorsson, Felix"]
[Result "1-0"]
[WhiteTitle "WC"]
[WhiteElo "1903"]
[BlackElo "1449"]
[WhiteFideId "1800191"]
[BlackFideId "2310040"]
[EventDate "2013.02.19"]

1. f4 d5 2. Nf3 Bg4 3. e3 Nc6 4. Be2 e6 5. d3 Nf6 6. Nbd2 Bc5 7. d4 Bd6 8. O-O
O-O 9. Ne5 Bxe2 10. Qxe2 Bxe5 11. fxe5 Nd7 12. b3 f6 13. Ba3 Re8 14. exf6 Nxf6
15. c3 Ne7 16. e4 Nd7 17. Rac1 Nf8 18. Qf3 Neg6 19. Rf2 Qd7 20. Rcf1 h6 21. Qh5
Kh7 22. e5 Ne7 23. Rf7 Nfg6 24. Nf3 Qd8 25. Ng5+ Kg8 26. Nxe6 1-0

[Event "Reykjavik Open 2013"]
[Site "Reykjavik ISL"]
[Date "2013.02.20"]
[Round "2.95"]
[White "Thorhallsson, Simon"]
[Black "Maggason, Oskar"]
[Result "0-1"]
[WhiteElo "1451"]
[BlackElo "1903"]
[WhiteFideId "2310090"]
[BlackFideId "2303779"]
[EventDate "2013.02.19"]

1. d4 d5 2. c4 e6 3. Nc3 Nf6 4. cxd5 exd5 5. Bg5 Be7 6. e3 O-O 7. Qc2 b6 8. Bd3
h6 9. Bh4 Bb7 10. Nf3 c5 11. O-O Nbd7 12. Rfc1 Rc8 13. Bg3 a6 14. dxc5 bxc5 15.
Qb3 Qb6 16. Qxb6 Nxb6 17. Bf5 Ra8 18. b3 g6 19. Bh3 Ne4 20. Nxe4 dxe4 21. Ne5
Nd5 22. Rd1 Rfd8 23. Rac1 Nc3 24. Rxd8+ Rxd8 25. Kf1 Nxa2 26. Rc4 Bd5 27. Ra4
Bxb3 28. Rxa6 Rd1+ 29. Ke2 Nc3# 0-1

[Event "Reykjavik Open 2013"]
[Site "Reykjavik ISL"]
[Date "2013.02.20"]
[Round "2.96"]
[White "Merkesvik, Sondre"]
[Black "Palsdottir, Soley Lind"]
[Result "1-0"]
[WhiteElo "1903"]
[BlackElo "1393"]
[WhiteFideId "1514350"]
[BlackFideId "2306824"]
[EventDate "2013.02.19"]

1. e4 c5 2. Nf3 Nc6 3. Bb5 d6 4. Bxc6+ bxc6 5. O-O g6 6. d4 cxd4 7. Qxd4 Nf6 8.
e5 dxe5 9. Qxd8+ Kxd8 10. Nxe5 Be6 11. Nxc6+ Kc7 12. Nd4 Bc4 13. Rd1 Bg7 14. b3
Ba6 15. Bb2 Rhd8 16. Na3 Rab8 17. c4 Bh8 18. h3 Ne4 19. Ndb5+ Bxb5 20. Nxb5+
Rxb5 21. Bxh8 Rb7 22. Be5+ Kc8 23. Rxd8+ Kxd8 24. Rd1+ Kc8 25. Kf1 f6 26. Bb2
Nd6 27. Ke2 Kc7 28. Ba3 Kc6 29. Bxd6 exd6 30. Rd3 a6 31. Re3 Kd7 32. Kd3 Rb8 33.
Kd4 Rb7 34. Kd5 Rc7 35. Kd4 Rc5 36. b4 Rf5 37. f3 h5 38. Re4 Kc6 39. Ke3 Kd7 40.
Ke2 Rg5 41. g4 d5 42. Rd4 Re5+ 43. Kd2 hxg4 44. hxg4 Kc6 45. Rxd5 Rxd5+ 46.
cxd5+ Kxd5 47. Kd3 Ke5 48. a4 Kf4 49. b5 axb5 50. axb5 Kxf3 51. b6 Kxg4 52. b7
f5 53. b8=Q g5 54. Ke3 f4+ 55. Kf2 Kh3 56. Qh8+ Kg4 57. Kg2 Kf5 58. Qh5 Ke4 59.
Qxg5 Kd3 60. Qe5 Kd2 61. Qxf4+ Ke2 62. Qd4 Ke1 63. Kf3 Kf1 64. Qd1# 1-0

[Event "Reykjavik Open 2013"]
[Site "Reykjavik ISL"]
[Date "2013.02.20"]
[Round "2.98"]
[White "Jablon, Stephen"]
[Black "Ragnarsson, Heimir Pall"]
[Result "1-0"]
[WhiteElo "1896"]
[BlackElo "1354"]
[WhiteFideId "2019833"]
[BlackFideId "2308860"]
[EventDate "2013.02.19"]

1. d4 Nf6 2. Nf3 e6 3. Bg5 Be7 4. Bxf6 Bxf6 5. e4 O-O 6. Bd3 b6 7. e5 Be7 8. h4
f6 9. exf6 Rxf6 10. Ng5 h6 11. Nh7 Rf4 12. g3 Rxd4 13. Ng5 Bxg5 14. hxg5 Qxg5
15. Bh7+ Kxh7 16. Qxd4 Qc1+ 17. Qd1 Qxb2 18. Nd2 Ba6 19. Rh4 Qe5+ 20. Re4 Qb5
21. a4 Qc5 22. Nb3 Qc3+ 23. Qd2 Qf3 24. Qf4 Qxf4 25. Rxf4 Nc6 26. O-O-O Rd8 27.
Rf7 Ne5 28. Re7 Kg6 29. Rxe6+ dxe6 30. Rxd8 c5 31. f4 Nf3 32. Rd7 Bc4 33. Rxa7
Ng1 34. Nd2 Bd5 35. Kd1 Kf5 36. Rxg7 Bc6 37. Ke1 Bxa4 38. Kf2 Nh3+ 39. Kg2 Nxf4+
40. gxf4 Kxf4 41. Rf7+ Ke3 42. Nc4+ Kd4 43. Rf4+ Kc3 44. Nxb6 Bxc2 45. Rc4+ Kd3
46. Rxc5 Bd1 47. Kg3 Kd4 48. Rc4+ Kd3 49. Rh4 h5 50. Nd7 1-0

[Event "Reykjavik Open 2013"]
[Site "Reykjavik ISL"]
[Date "2013.02.20"]
[Round "2.99"]
[White "Petersen, Jakob Alexander"]
[Black "Klug, Christian"]
[Result "0-1"]
[WhiteElo "1370"]
[BlackElo "1894"]
[WhiteFideId "2309130"]
[BlackFideId "24621722"]
[EventDate "2013.02.19"]

1. c4 Nf6 2. Nf3 g6 3. g3 Bg7 4. Bg2 O-O 5. O-O d5 6. cxd5 Nxd5 7. Nc3 Nb6 8. d3
Nc6 9. Bf4 a6 10. Nd2 e5 11. Be3 Nd4 12. Bxd4 exd4 13. Na4 Rb8 14. Nxb6 cxb6 15.
Nb3 Qe7 16. Qd2 Be6 17. e3 dxe3 18. fxe3 f5 19. e4 Rfd8 20. d4 fxe4 21. Bxe4
Bxb3 22. axb3 Qxe4 23. h3 Qxd4+ 0-1

[Event "Reykjavik Open 2013"]
[Site "Reykjavik ISL"]
[Date "2013.02.20"]
[Round "2.101"]
[White "Hrafnsson, Hilmir"]
[Black "Ingason, Sigurdur"]
[Result "0-1"]
[WhiteElo "1331"]
[BlackElo "1878"]
[WhiteFideId "2310481"]
[BlackFideId "2301709"]
[EventDate "2013.02.19"]

1. d4 d5 2. Nf3 Nf6 3. e3 e6 4. Bd3 Bd6 5. Nbd2 Nbd7 6. b3 e5 7. dxe5 Nxe5 8.
Be2 O-O 9. Bb2 Qe7 10. O-O Bf5 11. Rc1 Rfd8 12. Nd4 Bg6 13. c4 dxc4 14. Nxc4
Nxc4 15. Bxc4 c5 16. Nf5 Bxf5 17. Qf3 Bg6 18. Rfe1 Qe4 19. Qe2 Qh4 20. h3 Qh5
21. Qxh5 Bxh5 22. e4 Bf4 23. Rc2 Bd1 24. Bxf6 gxf6 25. Rb2 Bh5 26. g4 Bg6 27.
Bd5 Rab8 28. Rc2 Rxd5 0-1

[Event "Reykjavik Open 2013"]
[Site "Reykjavik ISL"]
[Date "2013.02.20"]
[Round "2.102"]
[White "Eliasson, Kristjan Orn"]
[Black "Kristbergsson, Bjorgvin"]
[Result "1-0"]
[WhiteElo "1873"]
[BlackElo "1197"]
[WhiteFideId "2301784"]
[BlackFideId "2305232"]
[EventDate "2013.02.19"]

1. e4 c5 2. Nf3 Nc6 3. d4 cxd4 4. Nxd4 Nxd4 5. Qxd4 e6 6. Nc3 a6 7. Bf4 d6 8.
Rd1 Qf6 9. e5 dxe5 10. Bxe5 Qh6 11. Qd8# 1-0

[Event "Reykjavik Open 2013"]
[Site "Reykjavik ISL"]
[Date "2013.02.20"]
[Round "2.103"]
[White "Kolica, Donika"]
[Black "Johannsdottir, Johanna Bjorg"]
[Result "0-1"]
[WhiteElo "1251"]
[BlackElo "1872"]
[WhiteFideId "2308843"]
[BlackFideId "2303108"]
[EventDate "2013.02.19"]

1. e4 c5 2. Nc3 Nc6 3. f4 g6 4. Nf3 Bg7 5. Bc4 e6 6. O-O Nge7 7. Qe1 O-O 8. d3
d5 9. Bb5 Nd4 10. Ba4 a6 11. b4 b5 12. Bb3 c4 13. dxc4 dxc4 14. Qh4 cxb3 15.
cxb3 Nec6 0-1

[Event "Reykjavik Open 2013"]
[Site "Reykjavik ISL"]
[Date "2013.02.20"]
[Round "3.3"]
[White "Huang, Qian"]
[Black "Cheparinov, Ivan"]
[Result "0-1"]
[WhiteTitle "WGM"]
[BlackTitle "GM"]
[WhiteElo "2478"]
[BlackElo "2709"]
[WhiteFideId "8602689"]
[BlackFideId "2905540"]
[EventDate "2013.02.19"]

1. Nf3 Nf6 2. c4 g6 3. b3 Bg7 4. Bb2 O-O 5. g3 d6 6. d4 e5 7. dxe5 Nfd7 8. Nc3
dxe5 9. Qc2 Nc6 10. Rd1 Re8 11. Nd5 Nc5 12. b4 Bf5 13. Qc1 Na4 14. Ba1 Nd4 15.
Ne3 Be4 16. Bg2 Qe7 17. Kf1 Rad8 18. c5 a5 19. bxa5 Nxc5 20. Ne1 Bh6 21. Bc3
Bxg2+ 22. N1xg2 Ne4 23. Be1 Qe6 24. Qb1 Nd6 25. Rc1 Bxe3 26. fxe3 Qf6+ 27. Bf2
Ne6 28. h4 Ra8 29. Ne1 Rxa5 30. Kg2 Rea8 31. Rc2 Rb5 32. Qc1 e4 33. Rd2 h5 34.
Rf1 Rf5 35. Kg1 b5 36. Ng2 Nc4 37. Rc2 Ra4 38. Nf4 Nxf4 39. exf4 Rd5 0-1

[Event "Reykjavik Open 2013"]
[Site "Reykjavik ISL"]
[Date "2013.02.20"]
[Round "3.4"]
[White "Lou, Yiping"]
[Black "Yu, Yangyi"]
[Result "0-1"]
[WhiteTitle "IM"]
[BlackTitle "GM"]
[WhiteElo "2468"]
[BlackElo "2688"]
[WhiteFideId "8603928"]
[BlackFideId "8603820"]
[EventDate "2013.02.19"]

1. d4 d5 2. c4 e6 3. Nc3 Bb4 4. Nf3 Nf6 5. cxd5 exd5 6. Bg5 h6 7. Bxf6 Qxf6 8.
Qb3 Qb6 9. a3 Ba5 10. Qc2 Bf5 11. Qa4+ Bd7 12. Qc2 Bxc3+ 13. Qxc3 O-O 14. e3 Rc8
15. Bd3 Bb5 16. O-O Bxd3 17. Qxd3 Nd7 18. Rfc1 Nf6 19. Rc2 c6 20. Ne5 Re8 21.
Rac1 Re7 22. Qf5 Rae8 23. h4 Qd8 24. b4 Ne4 25. Qf4 Nd6 26. a4 a6 27. h5 Re6 28.
Qg4 Qg5 29. Qxg5 hxg5 30. g3 Rh6 31. g4 f6 32. Ng6 f5 33. f3 Rxe3 34. Kf2 Rb3
35. b5 axb5 36. axb5 Nxb5 37. Re1 Rxf3+ 38. Kxf3 Nxd4+ 39. Kg3 f4+ 40. Kf2 Nxc2
41. Re7 b5 42. Rc7 Nd4 43. Rb7 Ne6 44. Rb6 Nf8 45. Rb8 Rxg6 46. hxg6 b4 47. Rc8
b3 48. Rxc6 b2 49. Rb6 Nxg6 50. Rxb2 Ne5 51. Rb8+ Kh7 52. Rd8 Nxg4+ 53. Kf3 Nf6
54. Ra8 Kg6 55. Ra7 Kf5 56. Rxg7 g4+ 57. Ke2 f3+ 0-1

[Event "Reykjavik Open 2013"]
[Site "Reykjavik ISL"]
[Date "2013.02.20"]
[Round "3.6"]
[White "Tan, Zhongyi"]
[Black "Eljanov, Pavel"]
[Result "0-1"]
[WhiteTitle "WGM"]
[BlackTitle "GM"]
[WhiteElo "2466"]
[BlackElo "2678"]
[WhiteFideId "8603642"]
[BlackFideId "14102951"]
[EventDate "2013.02.19"]

1. d4 Nf6 2. c4 e6 3. g3 c5 4. d5 exd5 5. cxd5 d6 6. Nc3 g6 7. Bg2 Bg7 8. Nf3
O-O 9. O-O a6 10. a4 Re8 11. Bf4 Nh5 12. Bg5 Qc7 13. Qd2 Nd7 14. Rfc1 Rb8 15.
Rab1 Qa5 16. Ne4 Qb6 17. Qc2 h6 18. Be3 Ndf6 19. Nfd2 Qd8 20. Qd3 Nxe4 21. Nxe4
Bf5 22. b4 Nf6 23. f3 b6 24. Bf4 Bxe4 25. fxe4 g5 26. Bd2 Qe7 27. bxc5 bxc5 28.
Rxb8 Rxb8 29. Bc3 Ng4 30. Bxg7 Kxg7 31. Qxa6 Qf6 32. Bf3 Qd4+ 33. Kh1 Nf2+ 34.
Kg2 g4 35. Qc4 gxf3+ 36. exf3 Rb2 37. Qxd4+ cxd4 38. Kf1 d3 0-1

[Event "Reykjavik Open 2013"]
[Site "Reykjavik ISL"]
[Date "2013.02.20"]
[Round "3.7"]
[White "Bu, Xiangzhi"]
[Black "Thorhallsson, Throstur"]
[Result "1/2-1/2"]
[WhiteTitle "GM"]
[BlackTitle "GM"]
[WhiteElo "2675"]
[BlackElo "2441"]
[WhiteFideId "8601445"]
[BlackFideId "2300109"]
[EventDate "2013.02.19"]

1. c4 e6 2. Nc3 d5 3. d4 Nf6 4. Bg5 c6 5. e3 Nbd7 6. Nf3 Qa5 7. Nd2 dxc4 8. Bxf6
Nxf6 9. Nxc4 Qc7 10. Be2 Be7 11. O-O O-O 12. Rc1 Rd8 13. Qc2 Bd7 14. e4 b5 15.
Nd2 b4 16. Na4 e5 17. d5 Qb7 18. Nc4 cxd5 19. Na5 Qb8 20. exd5 Nxd5 21. Rfd1 Rc8
22. Qe4 Rxc1 23. Rxc1 Nf6 24. Qc2 Qe8 25. Nc6 Bf8 26. Ba6 Qe6 27. Bb7 Re8 28.
Nc5 Bxc5 29. Qxc5 Qxa2 30. Qxb4 h6 31. h3 e4 32. Qd4 e3 33. fxe3 Qb3 34. Ba6 Re4
35. Qxa7 Qxb2 36. Qb8+ Qxb8 37. Nxb8 Rxe3 38. Nxd7 Nxd7 39. Rc8+ Nf8 40. Bc4 Re7
41. h4 g6 42. h5 g5 43. Bd3 Kg7 44. Bf5 Ne6 45. Bxe6 Rxe6 46. Kf2 Rf6+ 47. Ke2
Re6+ 48. Kf3 f5 49. g3 Kf6 50. Rf8+ Ke5 51. Rg8 Rd6 52. Re8+ Re6 53. Rg8 g4+ 54.
Kf2 Rc6 55. Re8+ Kf6 56. Rg8 Rc2+ 57. Kg1 Ke5 58. Re8+ Kd5 59. Re7 Rc1+ 60. Kg2
Rc6 61. Kf2 Rc2+ 62. Kg1 Rc1+ 1/2-1/2

[Event "Reykjavik Open 2013"]
[Site "Reykjavik ISL"]
[Date "2013.02.20"]
[Round "3.11"]
[White "Olafsson, Fridrik"]
[Black "Navara, David"]
[Result "1/2-1/2"]
[WhiteTitle "GM"]
[BlackTitle "GM"]
[WhiteElo "2416"]
[BlackElo "2710"]
[WhiteFideId "2300052"]
[BlackFideId "309095"]
[EventDate "2013.02.19"]

1. Nf3 g6 2. g3 Bg7 3. d4 c5 4. c3 Qa5 5. Bg2 cxd4 6. Nxd4 Nf6 7. O-O O-O 8. e4
d6 9. h3 Nc6 10. Be3 Rd8 11. c4 Bd7 12. Nd2 Rac8 13. a3 Nxd4 14. Bxd4 b5 15. Bc3
Qa6 16. cxb5 Bxb5 17. Re1 e5 18. Rc1 Nd7 19. Bf1 Nc5 20. Bb4 Bh6 21. Bxb5 Qxb5
22. Qe2 a6 23. Bxc5 Qxb2 24. Be3 Rxc1 25. Bxh6 Qxa3 26. Rxc1 Qxc1+ 27. Kg2 Qc6
28. Qf3 f5 29. Qb3+ d5 30. Nf3 Qb5 31. Qc3 d4 32. Qc7 Qd7 33. Qxe5 1/2-1/2

[Event "Reykjavik Open 2013"]
[Site "Reykjavik ISL"]
[Date "2013.02.20"]
[Round "3.12"]
[White "Kjartansson, Gudmundur"]
[Black "L'Ami, Erwin"]
[Result "0-1"]
[WhiteTitle "IM"]
[BlackTitle "GM"]
[WhiteElo "2430"]
[BlackElo "2622"]
[WhiteFideId "2301318"]
[BlackFideId "1007998"]
[EventDate "2013.02.19"]

1. Nf3 c5 2. c4 Nc6 3. Nc3 g6 4. g3 Bg7 5. Bg2 d6 6. O-O Nf6 7. d4 cxd4 8. Nxd4
Bd7 9. e3 h5 10. h4 Qc8 11. Re1 O-O 12. b3 Bg4 13. Qd2 Ne5 14. Bb2 Re8 15. Rac1
Bh3 16. Bh1 Nfd7 17. Nd5 Nc5 18. Nb5 Na6 19. Bd4 Nc6 20. Bxg7 Kxg7 21. b4 Qd7
22. a3 Bg4 23. f3 Be6 24. e4 f6 25. Bg2 Rac8 26. Qe3 b6 27. Bf1 Nab8 28. Nf4 Bf7
29. Bh3 Qb7 30. Bxc8 Rxc8 31. Nd5 Ne5 32. f4 Ng4 33. Qd3 Nc6 34. Nd4 Nd8 35. f5
Nc6 36. Nxc6 Rxc6 37. Qd4 Ne5 38. Kg2 gxf5 39. b5 Rc5 40. Rc3 fxe4 41. Rd1 Nxc4
42. Rxc4 Rxd5 43. Qxe4 Rxd1 44. Qxb7 Bd5+ 45. Qxd5 Rxd5 46. Rc7 Kf7 47. a4 a6
48. bxa6 Ra5 49. a7 Rxa4 50. Kf2 f5 51. Ke3 Kf6 52. Rb7 b5 53. Kd3 d5 54. Kc3
Ke6 55. Kd3 Kd6 56. Kc3 e6 57. Kb3 Ke5 58. Re7 d4 59. Kc2 Kd5 60. Kb3 e5 61.
Rd7+ Ke4 62. Re7 d3 63. Kc3 b4+ 64. Kc4 d2 65. Rd7 Ke3 0-1